| 000 | 00644nam a22002172 4500 | ||
|---|---|---|---|
| 001 | 0000009158 | ||
| 005 | 20151217152050.0 | ||
| 008 | 080909s xx 000 0 eng d | ||
| 020 |
_a0073305004 : _cKES 300 |
||
| 040 |
_aKABU _cKABU |
||
| 245 | 1 | 0 |
_aFitness for life / _cThomas D. Fahey ...[et al] |
| 260 |
_aBoston : _bMcGraw-Hill, _c2005. |
||
| 300 | _a440 p. | ||
| 650 | 0 |
_aPhysical fitness. _@0000150226 |
|
| 650 | 0 |
_aHealth. _@0000036860 |
|
| 700 | 1 |
_aFahey, Thomas D. _@0000160229 |
|
| 908 | _a080909 | ||
| 950 | _@1 | ||
| 999 |
_c7805 _d7805 |
||